La mejor ley (Record no. 174019)
[ view plain ]
| 000 -LEADER | |
|---|---|
| campo de control de longitud fija | 00791namaa22001811 4500 |
| 001 - NÚMERO DE CONTROL | |
| campo de control | 174019 |
| 003 - IDENTIFICADOR DE NÚMERO DE CONTROL | |
| campo de control | ES-MaACL |
| 005 - FECHA Y HORA DE LA ÚLTIMA TRANSACCIÓN | |
| campo de control | 20231223063115.0 |
| 008 - DATOS DE LONGITUD FIJA--INFORMACIÓN GENERAL | |
| campo de control de longitud fija | 100205s1889 sp |||| | spa d |
| 100 1# - ENTRADA PRINCIPAL--NOMBRE DE PERSONA | |
| Nombre de persona | Dicenta, Joaquín, |
| Fechas asociadas al nombre | 1863-1917 |
| 9 (RLIN) | 44474 |
| 245 13 - MENCIÓN DEL TÍTULO | |
| Título | La mejor ley |
| Resto del título | : drama en tres actos y en verso / |
| Mención de responsabilidad, etc. | original de Joaquín Dicenta. |
| 260 ## - PUBLICACIÓN, DISTRIBUCIÓN, ETC. | |
| Lugar de publicación, distribución, etc. | Madrid : |
| Nombre del editor, distribuidor, etc. | [s.n.], |
| Fecha de publicación, distribución, etc. | 1889 ( |
| Fabricante | Imp. de José Rodriguez) |
| 300 ## - DESCRIPCIÓN FÍSICA | |
| Extensión | 96 p. ; |
| Dimensiones | 19 cm. |
| 500 ## - NOTA GENERAL | |
| Nota general | De la "Admon. lirico-dramática" |
| 500 ## - NOTA GENERAL | |
| Nota general | En port.: Estrenado en el teatro Español, con extraordinario aplauso, la noche del 2 de enero de 1889. |
| 852 ## - LOCALIZACIÓN | |
| Ubicación | ES-MaACL |
| Número de control de estantería | F-8645(1) |
| Nota libre | .- Enc. hol |
| -- | .- Enc. en un vol. facticio formando parte de la col. facticia "Teatro español moderno" v. 102 |
| Estatus retirado | Estado de pérdida | Estado de daño | No para préstamo | Colección | Biblioteca de origen | Biblioteca actual | Ubicación en estantería | Fecha de adquisición | Fuente de adquisición | Total de préstamos | Signatura topográfica completa | Código de barras | Visto por última vez | Precio de reemplazo | Tipo de ítem Koha |
|---|---|---|---|---|---|---|---|---|---|---|---|---|---|---|---|
| Libros del s. XIX | Biblioteca del Ateneo de Madrid | Biblioteca del Ateneo de Madrid | Sala Pecera Planta 2 | 05/02/2010 | F-8645(1) | 1182667 | 23/02/2023 | 23/02/2023 | Libro impreso antiguo |
